Statistiques concernant Pyramide de mots n°6

Cliquez ici pour prendre le quiz!

Statistiques générales

  • Ce quiz a été pris 404 fois
  • Le résultat moyen est 5 sur 5

Statistiques - réponses

LettresIndicesMots% Correct
U,PParticipe passé de pouvoirPu
100%
Femelle du coqPoule
97%
ParasitePou
95%
Mollusque céphalopodes à tentaculesPoulpe
94%
Canidé sauvageLoup
87%

Distribution des résultats

Percentile par nombre de réponses

% des personnes avec chaque résultat

Votre développement - résultats

Vous n’avez pas pris ce quiz